| 000 | 00611cam a22002413a 4500 | ||
|---|---|---|---|
| 001 | 25696 | ||
| 003 | PGUSA | ||
| 005 | 20140828083543.0 | ||
| 008 | 080604s2008||||xxu|||||s|||||000 | eng d | ||
| 040 |
_aPGUSA _beng |
||
| 042 | _adc | ||
| 050 | 4 | _aBL | |
| 100 | 1 |
_aGe, Hong, _d284-364 |
|
| 245 | 1 | 0 |
_a抱朴子 _h[electronic resource] / _cHong Ge |
| 260 |
_bProject Gutenberg, _c2008 |
||
| 506 | _aPublic domain in the USA. | ||
| 516 | _aElectronic text | ||
| 653 | _aTaoism | ||
| 740 | 0 | _aBaopuzi | |
| 830 | 0 |
_aProject Gutenberg _v25696 |
|
| 856 | 4 | 0 | _uhttp://www.gutenberg.org/ebooks/25696 |
| 942 | _cEB | ||
| 999 |
_c254951 _d254951 |
||